000 00304nam a22001457a 4500
008 221109b ||||| |||| 00| 0 eng d
020 _a9781465299956
041 _aeng
080 _a61
082 _a61 GIN
100 _a8
101 _aMJK
245 _aFITNES FOR LIFE
_cGINTER K
942 _2udc
_cBK
999 _c58804
_d58804